The Brethren (Record no. 16730)

000 -LEADER
fixed length control field 00241nam a22001097a 4500
008 - FIXED-LENGTH DATA ELEMENTS--GENERAL INFORMATION
fixed length control field 131217t xxu||||| |||| 00| 0 eng d
020 ## - INTERNATIONAL STANDARD BOOK NUMBER
International Standard Book Number 0-09-928025-6
100 ## - MAIN ENTRY--PERSONAL NAME
Personal name John Grisham
9 (RLIN) 459
245 ## - TITLE STATEMENT
Title The Brethren
300 ## - PHYSICAL DESCRIPTION
Extent 340
942 ## - ADDED ENTRY ELEMENTS (KOHA)
Source of classification or shelving scheme
Koha item type Book
Holdings
Withdrawn status Lost status Source of classification or shelving scheme Damaged status Not for loan Collection code Permanent Location Current Location Date acquired Total Checkouts Full call number Barcode Date last seen Price effective from Koha item type Date last checked out
            Atta-ur-Rahman School of Applied Biosciences (ASAB) Atta-ur-Rahman School of Applied Biosciences (ASAB) 12/17/2013   Fic Grisham ASAB3050 12/17/2013 12/17/2013 Book  
            Atta-ur-Rahman School of Applied Biosciences (ASAB) Atta-ur-Rahman School of Applied Biosciences (ASAB) 12/17/2013   Fic Grisham ASAB3052 12/17/2013 12/17/2013 Book  
            Atta-ur-Rahman School of Applied Biosciences (ASAB) Atta-ur-Rahman School of Applied Biosciences (ASAB) 12/17/2013 1 Fic Grisham ASAB3051 03/09/2016 12/17/2013 Book 01/14/2016
© 2023 Central Library, National University of Sciences and Technology. All Rights Reserved.